Physics Foundations of Cosmology (Record no. 531255)

000 -LEADER
fixed length control field 00361nam a2200133Ia 4500
008 - FIXED-LENGTH DATA ELEMENTS--GENERAL INFORMATION
fixed length control field 191014s9999 xx 000 0 und d
020 ## - INTERNATIONAL STANDARD BOOK NUMBER
International Standard Book Number 978-0-521-56398-7
082 ## - DEWEY DECIMAL CLASSIFICATION NUMBER
Classification number 523.1
Author Mark MUK
100 ## - MAIN ENTRY--PERSONAL NAME
Personal name Viatcheslav Mukhanov
9 (RLIN) 23758
245 #0 - TITLE STATEMENT
Title Physics Foundations of Cosmology
260 ## - PUBLICATION, DISTRIBUTION, ETC.
Place of publication, distribution, etc. Uk
Name of publisher, distributor, etc. Cambridge University Press
Date of publication, distribution, etc. 2005
300 ## - PHYSICAL DESCRIPTION
Extent Xix,421
942 ## - ADDED ENTRY ELEMENTS (KOHA)
Koha item type Book
Holdings
Withdrawn status Lost status Damaged status Not for loan Permanent Location Current Location Date acquired Source of acquisition Cost, normal purchase price Total Checkouts Full call number Barcode Date last seen Price effective from Koha item type
        School of Natural Sciences (SNS) School of Natural Sciences (SNS) 10/15/2019 Donation 0.00   523.1MUK SNS0003032 01/18/2023 10/15/2019 Book
© 2023 Central Library, National University of Sciences and Technology. All Rights Reserved.